Statistiques concernant Afrique - Série 04

Cliquez ici pour prendre le quiz!

Statistiques générales

  • Ce quiz a été pris 256 fois
  • Le résultat moyen est 7 sur 10

Statistiques - réponses

QuestionRéponse% Correct
Quelle est la capitale de l’Égypte ?Le Caire
97%
Quel est le plus grand pays en superficie ?Algérie
92%
Quelle est la religion dominante en Afrique ?Islam
91%
Le pays des « 1 000 collines » est tristement célèbre pour un génocideRwanda
89%
Quel est le nom du 1er président noir d'Afrique du Sud?Nelson Mandela
82%
Dans quel pays est situé le Mont Sinaï ?Egypte
78%
Quel est le point culminant de l’Afrique ?Kilimandjaro
77%
Quelle est la langue parlée au Mozambique ?Portugais
58%
Quel est le premier pays producteur de bananes ?Cameroun
46%
Quelle est la nationalité du cinéaste Souleymane CISSE?Malienne
15%

Distribution des résultats

Percentile par nombre de réponses

% des personnes avec chaque résultat

Votre développement - résultats

Vous n’avez pas pris ce quiz